<?xml version="1.0" encoding="UTF-8"?>
<record
    xmlns:xsi="http://www.w3.org/2001/XMLSchema-instance"
    xsi:schemaLocation="http://www.loc.gov/MARC21/slim http://www.loc.gov/standards/marcxml/schema/MARC21slim.xsd"
    xmlns="http://www.loc.gov/MARC21/slim">

  <leader>01078nas a2200253 454500</leader>
  <controlfield tag="001">43515</controlfield>
  <controlfield tag="005">20260407193511.0</controlfield>
  <controlfield tag="008">260407s1991####ag###########|||spa#d</controlfield>
  <controlfield tag="003">AR-UNSa-BCEJYS</controlfield>
  <datafield tag="040" ind1=" " ind2=" ">
    <subfield code="a">AR-UNSa-BCEJYS</subfield>
    <subfield code="b">spa</subfield>
    <subfield code="c">AR-UNSa-BCEJYS</subfield>
  </datafield>
  <datafield tag="080" ind1=" " ind2=" ">
    <subfield code="a">633.1</subfield>
    <subfield code="x">Cereales. Cultivos de grano</subfield>
  </datafield>
  <datafield tag="245" ind1="1" ind2="0">
    <subfield code="a">Situaci&#xF3;n del mercado de granos</subfield>
  </datafield>
  <datafield tag="264" ind1=" " ind2="1">
    <subfield code="a">Buenos Aires :</subfield>
    <subfield code="b">Direcci&#xF3;n de Mercados Agr&#xED;colas y Agroindustriales</subfield>
    <subfield code="c">1991</subfield>
  </datafield>
  <datafield tag="310" ind1=" " ind2=" ">
    <subfield code="a">Frecuencia: Mensual
Cambia Autoridad Principal en el A&#xF1;o III, N&#xBA; 5 por Ministerio de Econom&#xED;a y Obras y Servicios P&#xFA;blicos. Secretar&#xED;a de Agricultura, Pesca y Alimentaci&#xF3;n</subfield>
  </datafield>
  <datafield tag="041" ind1=" " ind2=" ">
    <subfield code="a">spa</subfield>
  </datafield>
  <datafield tag="942" ind1=" " ind2=" ">
    <subfield code="c">SER</subfield>
  </datafield>
  <datafield tag="590" ind1=" " ind2=" ">
    <subfield code="a">niveau_biblio:s niveau_hierar:1</subfield>
  </datafield>
  <datafield tag="100" ind1="1" ind2=" ">
    <subfield code="a">Argentina. Secretar&#xED;a de agricultura ganader&#xED;a y pesca. Subsecretar&#xED;a de Producci&#xF3;n Agropecuaria y Mercados</subfield>
  </datafield>
  <datafield tag="650" ind1=" " ind2=" ">
    <subfield code="a">Exportaci&#xF3;n/importaci&#xF3;n</subfield>
  </datafield>
  <datafield tag="650" ind1=" " ind2=" ">
    <subfield code="a">Cereales</subfield>
  </datafield>
  <datafield tag="650" ind1=" " ind2=" ">
    <subfield code="a">PRODUCCION AGRARIA</subfield>
  </datafield>
  <datafield tag="650" ind1=" " ind2=" ">
    <subfield code="a">MERCADO INTERNACIONAL</subfield>
  </datafield>
  <datafield tag="856" ind1="4" ind2="1">
    <subfield code="u">https://biblioeco.unsa.edu.ar/pmb/images/revistas/R21279.jpg</subfield>
    <subfield code="y">Imagen de portada</subfield>
    <subfield code="q">image/jpeg</subfield>
  </datafield>
  <datafield tag="999" ind1=" " ind2=" ">
    <subfield code="c">8902</subfield>
    <subfield code="d">8902</subfield>
  </datafield>
  <datafield tag="952" ind1=" " ind2=" ">
    <subfield code="0">0</subfield>
    <subfield code="1">0</subfield>
    <subfield code="4">0</subfield>
    <subfield code="7">0</subfield>
    <subfield code="a">BCEJYS</subfield>
    <subfield code="b">BCEJYS</subfield>
    <subfield code="c">13</subfield>
    <subfield code="d">1997-12-01</subfield>
    <subfield code="h">A&#xF1;o V, N&#xBA; 12 - dic. 1997</subfield>
    <subfield code="l">0</subfield>
    <subfield code="o">H633.1 SMG 12.1997</subfield>
    <subfield code="p">R21306</subfield>
    <subfield code="r">2026-04-10 16:10:05</subfield>
    <subfield code="w">2026-04-10</subfield>
    <subfield code="y">RN</subfield>
  </datafield>
  <datafield tag="952" ind1=" " ind2=" ">
    <subfield code="0">0</subfield>
    <subfield code="1">0</subfield>
    <subfield code="4">0</subfield>
    <subfield code="7">0</subfield>
    <subfield code="a">BCEJYS</subfield>
    <subfield code="b">BCEJYS</subfield>
    <subfield code="c">13</subfield>
    <subfield code="d">1997-11-01</subfield>
    <subfield code="h">A&#xF1;o V, N&#xBA; 11 - nov. 1997</subfield>
    <subfield code="l">0</subfield>
    <subfield code="o">H633.1 SMG 11.1997</subfield>
    <subfield code="p">R21305</subfield>
    <subfield code="r">2026-04-10 16:10:05</subfield>
    <subfield code="w">2026-04-10</subfield>
    <subfield code="y">RN</subfield>
  </datafield>
  <datafield tag="952" ind1=" " ind2=" ">
    <subfield code="0">0</subfield>
    <subfield code="1">0</subfield>
    <subfield code="4">0</subfield>
    <subfield code="7">0</subfield>
    <subfield code="a">BCEJYS</subfield>
    <subfield code="b">BCEJYS</subfield>
    <subfield code="c">13</subfield>
    <subfield code="d">1997-10-01</subfield>
    <subfield code="h">A&#xF1;o V, N&#xBA; 10 - oct. 1997</subfield>
    <subfield code="l">0</subfield>
    <subfield code="o">H633.1 SMG 10.1997</subfield>
    <subfield code="p">R21304</subfield>
    <subfield code="r">2026-04-10 16:10:05</subfield>
    <subfield code="w">2026-04-10</subfield>
    <subfield code="y">RN</subfield>
  </datafield>
  <datafield tag="952" ind1=" " ind2=" ">
    <subfield code="0">0</subfield>
    <subfield code="1">0</subfield>
    <subfield code="4">0</subfield>
    <subfield code="7">0</subfield>
    <subfield code="a">BCEJYS</subfield>
    <subfield code="b">BCEJYS</subfield>
    <subfield code="c">13</subfield>
    <subfield code="d">1997-09-01</subfield>
    <subfield code="h">A&#xF1;o V, N&#xBA; 9 - sep. 1997</subfield>
    <subfield code="l">0</subfield>
    <subfield code="o">H633.1 SMG 9.1997</subfield>
    <subfield code="p">R21303</subfield>
    <subfield code="r">2026-04-10 16:10:05</subfield>
    <subfield code="w">2026-04-10</subfield>
    <subfield code="y">RN</subfield>
  </datafield>
  <datafield tag="952" ind1=" " ind2=" ">
    <subfield code="0">0</subfield>
    <subfield code="1">0</subfield>
    <subfield code="4">0</subfield>
    <subfield code="7">0</subfield>
    <subfield code="a">BCEJYS</subfield>
    <subfield code="b">BCEJYS</subfield>
    <subfield code="c">17</subfield>
    <subfield code="d">1997-08-01</subfield>
    <subfield code="h">A&#xF1;o V, N&#xBA; 8 - ago. 1997</subfield>
    <subfield code="l">0</subfield>
    <subfield code="o">H633.1 SMG 8.1997</subfield>
    <subfield code="p">R21307</subfield>
    <subfield code="r">2026-04-10 16:10:05</subfield>
    <subfield code="w">2026-04-10</subfield>
    <subfield code="y">RN</subfield>
  </datafield>
  <datafield tag="952" ind1=" " ind2=" ">
    <subfield code="0">0</subfield>
    <subfield code="1">0</subfield>
    <subfield code="4">0</subfield>
    <subfield code="7">0</subfield>
    <subfield code="a">BCEJYS</subfield>
    <subfield code="b">BCEJYS</subfield>
    <subfield code="c">17</subfield>
    <subfield code="d">1997-07-01</subfield>
    <subfield code="h">A&#xF1;o 5, N&#xBA; 7 - jul. 1997</subfield>
    <subfield code="l">0</subfield>
    <subfield code="o">H633.1 SMG 7.1997</subfield>
    <subfield code="p">R21532</subfield>
    <subfield code="r">2026-04-10 16:10:05</subfield>
    <subfield code="w">2026-04-10</subfield>
    <subfield code="y">RN</subfield>
  </datafield>
  <datafield tag="952" ind1=" " ind2=" ">
    <subfield code="0">0</subfield>
    <subfield code="1">0</subfield>
    <subfield code="4">0</subfield>
    <subfield code="7">0</subfield>
    <subfield code="a">BCEJYS</subfield>
    <subfield code="b">BCEJYS</subfield>
    <subfield code="c">13</subfield>
    <subfield code="d">1997-06-01</subfield>
    <subfield code="h">A&#xF1;o V, N&#xBA; 6 - jun. 1997</subfield>
    <subfield code="l">0</subfield>
    <subfield code="o">H633.1 SMG 6.1997</subfield>
    <subfield code="p">R21302</subfield>
    <subfield code="r">2026-04-10 16:10:05</subfield>
    <subfield code="w">2026-04-10</subfield>
    <subfield code="y">RN</subfield>
  </datafield>
  <datafield tag="952" ind1=" " ind2=" ">
    <subfield code="0">0</subfield>
    <subfield code="1">0</subfield>
    <subfield code="4">0</subfield>
    <subfield code="7">0</subfield>
    <subfield code="a">BCEJYS</subfield>
    <subfield code="b">BCEJYS</subfield>
    <subfield code="c">13</subfield>
    <subfield code="d">1997-05-01</subfield>
    <subfield code="h">A&#xF1;o V, N&#xBA; 5 - mayo 1997</subfield>
    <subfield code="l">0</subfield>
    <subfield code="o">H633.1 SMG 5.1997</subfield>
    <subfield code="p">R21301</subfield>
    <subfield code="r">2026-04-10 16:10:05</subfield>
    <subfield code="w">2026-04-10</subfield>
    <subfield code="y">RN</subfield>
  </datafield>
  <datafield tag="952" ind1=" " ind2=" ">
    <subfield code="0">0</subfield>
    <subfield code="1">0</subfield>
    <subfield code="4">0</subfield>
    <subfield code="7">0</subfield>
    <subfield code="a">BCEJYS</subfield>
    <subfield code="b">BCEJYS</subfield>
    <subfield code="c">13</subfield>
    <subfield code="d">1997-04-01</subfield>
    <subfield code="h">A&#xF1;o V, N&#xBA; 4 - abr. 1997</subfield>
    <subfield code="l">0</subfield>
    <subfield code="o">H633.1 SMG 4.1997</subfield>
    <subfield code="p">R21300</subfield>
    <subfield code="r">2026-04-10 16:10:05</subfield>
    <subfield code="w">2026-04-10</subfield>
    <subfield code="y">RN</subfield>
  </datafield>
  <datafield tag="952" ind1=" " ind2=" ">
    <subfield code="0">0</subfield>
    <subfield code="1">0</subfield>
    <subfield code="4">0</subfield>
    <subfield code="7">0</subfield>
    <subfield code="a">BCEJYS</subfield>
    <subfield code="b">BCEJYS</subfield>
    <subfield code="c">13</subfield>
    <subfield code="d">1997-03-01</subfield>
    <subfield code="h">A&#xF1;o V, N&#xBA; 3 - mar. 1997</subfield>
    <subfield code="l">0</subfield>
    <subfield code="o">H633.1 SMG 3.1997</subfield>
    <subfield code="p">R21299</subfield>
    <subfield code="r">2026-04-10 16:10:05</subfield>
    <subfield code="w">2026-04-10</subfield>
    <subfield code="y">RN</subfield>
  </datafield>
  <datafield tag="952" ind1=" " ind2=" ">
    <subfield code="0">0</subfield>
    <subfield code="1">0</subfield>
    <subfield code="4">0</subfield>
    <subfield code="7">0</subfield>
    <subfield code="a">BCEJYS</subfield>
    <subfield code="b">BCEJYS</subfield>
    <subfield code="c">13</subfield>
    <subfield code="d">1997-02-01</subfield>
    <subfield code="h">A&#xF1;o V, N&#xBA; 2 - feb. 1997</subfield>
    <subfield code="l">0</subfield>
    <subfield code="o">H633.1 SMG 2.1997</subfield>
    <subfield code="p">R21298</subfield>
    <subfield code="r">2026-04-10 16:10:05</subfield>
    <subfield code="w">2026-04-10</subfield>
    <subfield code="y">RN</subfield>
  </datafield>
  <datafield tag="952" ind1=" " ind2=" ">
    <subfield code="0">0</subfield>
    <subfield code="1">0</subfield>
    <subfield code="4">0</subfield>
    <subfield code="7">0</subfield>
    <subfield code="a">BCEJYS</subfield>
    <subfield code="b">BCEJYS</subfield>
    <subfield code="c">17</subfield>
    <subfield code="d">1997-01-01</subfield>
    <subfield code="h">A&#xF1;o V, N&#xBA; 1 - ene. 1997</subfield>
    <subfield code="l">0</subfield>
    <subfield code="o">H633.1 SMG 1.1997</subfield>
    <subfield code="p">R21531</subfield>
    <subfield code="r">2026-04-10 16:10:05</subfield>
    <subfield code="w">2026-04-10</subfield>
    <subfield code="y">RN</subfield>
  </datafield>
  <datafield tag="952" ind1=" " ind2=" ">
    <subfield code="0">0</subfield>
    <subfield code="1">0</subfield>
    <subfield code="4">0</subfield>
    <subfield code="7">0</subfield>
    <subfield code="a">BCEJYS</subfield>
    <subfield code="b">BCEJYS</subfield>
    <subfield code="c">13</subfield>
    <subfield code="d">1996-12-01</subfield>
    <subfield code="h">A&#xF1;o V, N&#xBA; 12 - dic. 1996</subfield>
    <subfield code="l">0</subfield>
    <subfield code="o">H633.1 SMG 12.1996</subfield>
    <subfield code="p">R21297</subfield>
    <subfield code="r">2026-04-10 16:10:05</subfield>
    <subfield code="w">2026-04-10</subfield>
    <subfield code="y">RN</subfield>
    <subfield code="z">Biblioteca IIE</subfield>
  </datafield>
  <datafield tag="952" ind1=" " ind2=" ">
    <subfield code="0">0</subfield>
    <subfield code="1">0</subfield>
    <subfield code="4">0</subfield>
    <subfield code="7">0</subfield>
    <subfield code="a">BCEJYS</subfield>
    <subfield code="b">BCEJYS</subfield>
    <subfield code="c">13</subfield>
    <subfield code="d">1996-11-01</subfield>
    <subfield code="h">A&#xF1;o V, N&#xBA; 11 - nov. 1996</subfield>
    <subfield code="l">0</subfield>
    <subfield code="o">H633.1 SMG 11.1996</subfield>
    <subfield code="p">R21296</subfield>
    <subfield code="r">2026-04-10 16:10:05</subfield>
    <subfield code="w">2026-04-10</subfield>
    <subfield code="y">RN</subfield>
  </datafield>
  <datafield tag="952" ind1=" " ind2=" ">
    <subfield code="0">0</subfield>
    <subfield code="1">0</subfield>
    <subfield code="4">0</subfield>
    <subfield code="7">0</subfield>
    <subfield code="a">BCEJYS</subfield>
    <subfield code="b">BCEJYS</subfield>
    <subfield code="c">13</subfield>
    <subfield code="d">1996-10-01</subfield>
    <subfield code="h">A&#xF1;o V, N&#xBA; 10 - oct. 1996</subfield>
    <subfield code="l">0</subfield>
    <subfield code="o">H633.1 SMG 10.1996</subfield>
    <subfield code="p">R21295</subfield>
    <subfield code="r">2026-04-10 16:10:05</subfield>
    <subfield code="w">2026-04-10</subfield>
    <subfield code="y">RN</subfield>
  </datafield>
  <datafield tag="952" ind1=" " ind2=" ">
    <subfield code="0">0</subfield>
    <subfield code="1">0</subfield>
    <subfield code="4">0</subfield>
    <subfield code="7">0</subfield>
    <subfield code="a">BCEJYS</subfield>
    <subfield code="b">BCEJYS</subfield>
    <subfield code="c">13</subfield>
    <subfield code="d">1996-09-01</subfield>
    <subfield code="h">A&#xF1;o V, N&#xBA; 9 - sep. 1996</subfield>
    <subfield code="l">0</subfield>
    <subfield code="o">H633.1 SMG 9.1996</subfield>
    <subfield code="p">R21294</subfield>
    <subfield code="r">2026-04-10 16:10:05</subfield>
    <subfield code="w">2026-04-10</subfield>
    <subfield code="y">RN</subfield>
  </datafield>
  <datafield tag="952" ind1=" " ind2=" ">
    <subfield code="0">0</subfield>
    <subfield code="1">0</subfield>
    <subfield code="4">0</subfield>
    <subfield code="7">0</subfield>
    <subfield code="a">BCEJYS</subfield>
    <subfield code="b">BCEJYS</subfield>
    <subfield code="c">13</subfield>
    <subfield code="d">1996-08-01</subfield>
    <subfield code="h">A&#xF1;o V, N&#xBA; 8 - ago. 1996</subfield>
    <subfield code="l">0</subfield>
    <subfield code="o">H633.1 SMG 8.1996</subfield>
    <subfield code="p">R21293</subfield>
    <subfield code="r">2026-04-10 16:10:05</subfield>
    <subfield code="w">2026-04-10</subfield>
    <subfield code="y">RN</subfield>
  </datafield>
  <datafield tag="952" ind1=" " ind2=" ">
    <subfield code="0">0</subfield>
    <subfield code="1">0</subfield>
    <subfield code="4">0</subfield>
    <subfield code="7">0</subfield>
    <subfield code="a">BCEJYS</subfield>
    <subfield code="b">BCEJYS</subfield>
    <subfield code="c">13</subfield>
    <subfield code="d">1996-07-01</subfield>
    <subfield code="h">A&#xF1;o V, N&#xBA; 7 - jul. 1996</subfield>
    <subfield code="l">0</subfield>
    <subfield code="o">H633.1 SMG 7.1996</subfield>
    <subfield code="p">R21292</subfield>
    <subfield code="r">2026-04-10 16:10:05</subfield>
    <subfield code="w">2026-04-10</subfield>
    <subfield code="y">RN</subfield>
  </datafield>
  <datafield tag="952" ind1=" " ind2=" ">
    <subfield code="0">0</subfield>
    <subfield code="1">0</subfield>
    <subfield code="4">0</subfield>
    <subfield code="7">0</subfield>
    <subfield code="a">BCEJYS</subfield>
    <subfield code="b">BCEJYS</subfield>
    <subfield code="c">13</subfield>
    <subfield code="d">1996-06-01</subfield>
    <subfield code="h">A&#xF1;o V, N&#xBA; 6 - jun. 1996</subfield>
    <subfield code="l">0</subfield>
    <subfield code="o">H633.1 SMG 6.1996</subfield>
    <subfield code="p">R21291</subfield>
    <subfield code="r">2026-04-10 16:10:05</subfield>
    <subfield code="w">2026-04-10</subfield>
    <subfield code="y">RN</subfield>
  </datafield>
  <datafield tag="952" ind1=" " ind2=" ">
    <subfield code="0">0</subfield>
    <subfield code="1">0</subfield>
    <subfield code="4">0</subfield>
    <subfield code="7">0</subfield>
    <subfield code="a">BCEJYS</subfield>
    <subfield code="b">BCEJYS</subfield>
    <subfield code="c">17</subfield>
    <subfield code="d">1996-05-01</subfield>
    <subfield code="h">A&#xF1;o V, N&#xBA; 5 - may. 1996</subfield>
    <subfield code="l">0</subfield>
    <subfield code="o">H633.1 SMG 5.1996</subfield>
    <subfield code="p">R10520</subfield>
    <subfield code="r">2026-04-10 16:10:05</subfield>
    <subfield code="w">2026-04-10</subfield>
    <subfield code="y">RN</subfield>
  </datafield>
  <datafield tag="952" ind1=" " ind2=" ">
    <subfield code="0">0</subfield>
    <subfield code="1">0</subfield>
    <subfield code="4">0</subfield>
    <subfield code="7">0</subfield>
    <subfield code="a">BCEJYS</subfield>
    <subfield code="b">BCEJYS</subfield>
    <subfield code="c">13</subfield>
    <subfield code="d">1996-04-01</subfield>
    <subfield code="h">A&#xF1;o V, N&#xBA; 4 - abr. 1994</subfield>
    <subfield code="l">0</subfield>
    <subfield code="o">H633.1 SMG 4.1996</subfield>
    <subfield code="p">R21290</subfield>
    <subfield code="r">2026-04-10 16:10:05</subfield>
    <subfield code="w">2026-04-10</subfield>
    <subfield code="y">RN</subfield>
  </datafield>
  <datafield tag="952" ind1=" " ind2=" ">
    <subfield code="0">0</subfield>
    <subfield code="1">0</subfield>
    <subfield code="4">0</subfield>
    <subfield code="7">0</subfield>
    <subfield code="a">BCEJYS</subfield>
    <subfield code="b">BCEJYS</subfield>
    <subfield code="c">13</subfield>
    <subfield code="d">1996-03-01</subfield>
    <subfield code="h">A&#xF1;o V, N&#xBA; 3 - mar. 1996</subfield>
    <subfield code="l">0</subfield>
    <subfield code="o">H633.1 SMG 3.1996</subfield>
    <subfield code="p">R21289</subfield>
    <subfield code="r">2026-04-10 16:10:05</subfield>
    <subfield code="w">2026-04-10</subfield>
    <subfield code="y">RN</subfield>
  </datafield>
  <datafield tag="952" ind1=" " ind2=" ">
    <subfield code="0">0</subfield>
    <subfield code="1">0</subfield>
    <subfield code="4">0</subfield>
    <subfield code="7">0</subfield>
    <subfield code="a">BCEJYS</subfield>
    <subfield code="b">BCEJYS</subfield>
    <subfield code="c">13</subfield>
    <subfield code="d">1996-02-01</subfield>
    <subfield code="h">A&#xF1;o V, N&#xBA; 2 - feb. 1996</subfield>
    <subfield code="l">0</subfield>
    <subfield code="o">H633.1 SMG 2.1996</subfield>
    <subfield code="p">R21279</subfield>
    <subfield code="r">2026-04-10 16:10:05</subfield>
    <subfield code="w">2026-04-10</subfield>
    <subfield code="y">RN</subfield>
  </datafield>
  <datafield tag="952" ind1=" " ind2=" ">
    <subfield code="0">0</subfield>
    <subfield code="1">0</subfield>
    <subfield code="4">0</subfield>
    <subfield code="7">0</subfield>
    <subfield code="a">BCEJYS</subfield>
    <subfield code="b">BCEJYS</subfield>
    <subfield code="c">13</subfield>
    <subfield code="d">1996-01-01</subfield>
    <subfield code="h">A&#xF1;o V, N&#xBA; 1 - ene. 1996</subfield>
    <subfield code="l">0</subfield>
    <subfield code="o">H633.1 SMG 1.1996</subfield>
    <subfield code="p">R21331</subfield>
    <subfield code="r">2026-04-10 16:10:05</subfield>
    <subfield code="w">2026-04-10</subfield>
    <subfield code="y">RN</subfield>
  </datafield>
  <datafield tag="952" ind1=" " ind2=" ">
    <subfield code="0">0</subfield>
    <subfield code="1">0</subfield>
    <subfield code="4">0</subfield>
    <subfield code="7">0</subfield>
    <subfield code="a">BCEJYS</subfield>
    <subfield code="b">BCEJYS</subfield>
    <subfield code="c">13</subfield>
    <subfield code="d">1995-12-01</subfield>
    <subfield code="h">A&#xF1;o IV, N&#xBA; 12 - dic. 1995</subfield>
    <subfield code="l">0</subfield>
    <subfield code="o">H633.1 SMG 12.1995</subfield>
    <subfield code="p">R21330</subfield>
    <subfield code="r">2026-04-10 16:10:05</subfield>
    <subfield code="w">2026-04-10</subfield>
    <subfield code="y">RN</subfield>
  </datafield>
  <datafield tag="952" ind1=" " ind2=" ">
    <subfield code="0">0</subfield>
    <subfield code="1">0</subfield>
    <subfield code="4">0</subfield>
    <subfield code="7">0</subfield>
    <subfield code="a">BCEJYS</subfield>
    <subfield code="b">BCEJYS</subfield>
    <subfield code="c">13</subfield>
    <subfield code="d">1995-11-01</subfield>
    <subfield code="h">A&#xF1;o IV, N&#xBA; 11 - nov. 1995</subfield>
    <subfield code="l">0</subfield>
    <subfield code="o">H633.1 SMG 11.1995</subfield>
    <subfield code="p">R21329</subfield>
    <subfield code="r">2026-04-10 16:10:05</subfield>
    <subfield code="w">2026-04-10</subfield>
    <subfield code="y">RN</subfield>
  </datafield>
  <datafield tag="952" ind1=" " ind2=" ">
    <subfield code="0">0</subfield>
    <subfield code="1">0</subfield>
    <subfield code="4">0</subfield>
    <subfield code="7">0</subfield>
    <subfield code="a">BCEJYS</subfield>
    <subfield code="b">BCEJYS</subfield>
    <subfield code="c">13</subfield>
    <subfield code="d">1995-10-01</subfield>
    <subfield code="h">A&#xF1;o IV, N&#xBA; 10 - oct. 1995</subfield>
    <subfield code="l">0</subfield>
    <subfield code="o">H633.1 SMG 10.1995</subfield>
    <subfield code="p">R21328</subfield>
    <subfield code="r">2026-04-10 16:10:05</subfield>
    <subfield code="w">2026-04-10</subfield>
    <subfield code="y">RN</subfield>
  </datafield>
  <datafield tag="952" ind1=" " ind2=" ">
    <subfield code="0">0</subfield>
    <subfield code="1">0</subfield>
    <subfield code="4">0</subfield>
    <subfield code="7">0</subfield>
    <subfield code="a">BCEJYS</subfield>
    <subfield code="b">BCEJYS</subfield>
    <subfield code="c">13</subfield>
    <subfield code="d">1995-09-01</subfield>
    <subfield code="h">A&#xF1;o IV, N&#xBA; 9 - sep. 1995</subfield>
    <subfield code="l">0</subfield>
    <subfield code="o">H633.1 SMG 9.1995</subfield>
    <subfield code="p">R21327</subfield>
    <subfield code="r">2026-04-10 16:10:05</subfield>
    <subfield code="w">2026-04-10</subfield>
    <subfield code="y">RN</subfield>
  </datafield>
  <datafield tag="952" ind1=" " ind2=" ">
    <subfield code="0">0</subfield>
    <subfield code="1">0</subfield>
    <subfield code="4">0</subfield>
    <subfield code="7">0</subfield>
    <subfield code="a">BCEJYS</subfield>
    <subfield code="b">BCEJYS</subfield>
    <subfield code="c">13</subfield>
    <subfield code="d">1995-08-01</subfield>
    <subfield code="h">A&#xF1;o IV, N&#xBA; 8 - ago. 1995</subfield>
    <subfield code="l">0</subfield>
    <subfield code="o">H633.1 SMG 8.1995</subfield>
    <subfield code="p">R21326</subfield>
    <subfield code="r">2026-04-10 16:10:05</subfield>
    <subfield code="w">2026-04-10</subfield>
    <subfield code="y">RN</subfield>
  </datafield>
  <datafield tag="952" ind1=" " ind2=" ">
    <subfield code="0">0</subfield>
    <subfield code="1">0</subfield>
    <subfield code="4">0</subfield>
    <subfield code="7">0</subfield>
    <subfield code="a">BCEJYS</subfield>
    <subfield code="b">BCEJYS</subfield>
    <subfield code="c">13</subfield>
    <subfield code="d">1995-07-01</subfield>
    <subfield code="h">A&#xF1;o IV, N&#xBA; 7 - jul. 1995</subfield>
    <subfield code="l">0</subfield>
    <subfield code="o">H633.1 SMG 7.1995</subfield>
    <subfield code="p">R21325</subfield>
    <subfield code="r">2026-04-10 16:10:05</subfield>
    <subfield code="w">2026-04-10</subfield>
    <subfield code="y">RN</subfield>
  </datafield>
  <datafield tag="952" ind1=" " ind2=" ">
    <subfield code="0">0</subfield>
    <subfield code="1">0</subfield>
    <subfield code="4">0</subfield>
    <subfield code="7">0</subfield>
    <subfield code="a">BCEJYS</subfield>
    <subfield code="b">BCEJYS</subfield>
    <subfield code="c">13</subfield>
    <subfield code="d">1995-06-01</subfield>
    <subfield code="h">A&#xF1;o IV, N&#xBA; 6 - jun. 1995</subfield>
    <subfield code="l">0</subfield>
    <subfield code="o">H633.1 SMG 6.1995</subfield>
    <subfield code="p">R21324</subfield>
    <subfield code="r">2026-04-10 16:10:05</subfield>
    <subfield code="w">2026-04-10</subfield>
    <subfield code="y">RN</subfield>
  </datafield>
  <datafield tag="952" ind1=" " ind2=" ">
    <subfield code="0">0</subfield>
    <subfield code="1">0</subfield>
    <subfield code="4">0</subfield>
    <subfield code="7">0</subfield>
    <subfield code="a">BCEJYS</subfield>
    <subfield code="b">BCEJYS</subfield>
    <subfield code="c">13</subfield>
    <subfield code="d">1995-05-01</subfield>
    <subfield code="h">A&#xF1;o IV, N&#xBA; 5 - mayo 1995</subfield>
    <subfield code="l">0</subfield>
    <subfield code="o">H633.1 SMG 5.1995</subfield>
    <subfield code="p">R21323</subfield>
    <subfield code="r">2026-04-10 16:10:05</subfield>
    <subfield code="w">2026-04-10</subfield>
    <subfield code="y">RN</subfield>
  </datafield>
  <datafield tag="952" ind1=" " ind2=" ">
    <subfield code="0">0</subfield>
    <subfield code="1">0</subfield>
    <subfield code="4">0</subfield>
    <subfield code="7">0</subfield>
    <subfield code="a">BCEJYS</subfield>
    <subfield code="b">BCEJYS</subfield>
    <subfield code="c">13</subfield>
    <subfield code="d">1995-04-01</subfield>
    <subfield code="h">A&#xF1;o IV, N&#xBA; 4 - abr. 1995</subfield>
    <subfield code="l">0</subfield>
    <subfield code="o">H633.1 SMG 4.1995</subfield>
    <subfield code="p">R21322</subfield>
    <subfield code="r">2026-04-10 16:10:05</subfield>
    <subfield code="w">2026-04-10</subfield>
    <subfield code="y">RN</subfield>
  </datafield>
  <datafield tag="952" ind1=" " ind2=" ">
    <subfield code="0">0</subfield>
    <subfield code="1">0</subfield>
    <subfield code="4">0</subfield>
    <subfield code="7">0</subfield>
    <subfield code="a">BCEJYS</subfield>
    <subfield code="b">BCEJYS</subfield>
    <subfield code="c">13</subfield>
    <subfield code="d">1995-03-01</subfield>
    <subfield code="h">A&#xF1;o IV, N&#xBA; 3 - mar. 1995</subfield>
    <subfield code="l">0</subfield>
    <subfield code="o">H633.1 SMG 3.1995</subfield>
    <subfield code="p">R21321</subfield>
    <subfield code="r">2026-04-10 16:10:05</subfield>
    <subfield code="w">2026-04-10</subfield>
    <subfield code="y">RN</subfield>
  </datafield>
  <datafield tag="952" ind1=" " ind2=" ">
    <subfield code="0">0</subfield>
    <subfield code="1">0</subfield>
    <subfield code="4">0</subfield>
    <subfield code="7">0</subfield>
    <subfield code="a">BCEJYS</subfield>
    <subfield code="b">BCEJYS</subfield>
    <subfield code="c">13</subfield>
    <subfield code="d">1995-02-01</subfield>
    <subfield code="h">A&#xF1;o IV, N&#xBA; 2 - feb. 1995</subfield>
    <subfield code="l">0</subfield>
    <subfield code="o">H633.1 SMG 2.1995</subfield>
    <subfield code="p">R21320</subfield>
    <subfield code="r">2026-04-10 16:10:05</subfield>
    <subfield code="w">2026-04-10</subfield>
    <subfield code="y">RN</subfield>
  </datafield>
  <datafield tag="952" ind1=" " ind2=" ">
    <subfield code="0">0</subfield>
    <subfield code="1">0</subfield>
    <subfield code="4">0</subfield>
    <subfield code="7">0</subfield>
    <subfield code="a">BCEJYS</subfield>
    <subfield code="b">BCEJYS</subfield>
    <subfield code="c">13</subfield>
    <subfield code="d">1995-01-01</subfield>
    <subfield code="h">A&#xF1;o IV, N&#xBA; 1 - ene. 1995</subfield>
    <subfield code="l">0</subfield>
    <subfield code="o">H633.1 SMG 1.1995</subfield>
    <subfield code="p">R21319</subfield>
    <subfield code="r">2026-04-10 16:10:05</subfield>
    <subfield code="w">2026-04-10</subfield>
    <subfield code="y">RN</subfield>
  </datafield>
  <datafield tag="952" ind1=" " ind2=" ">
    <subfield code="0">0</subfield>
    <subfield code="1">0</subfield>
    <subfield code="4">0</subfield>
    <subfield code="7">0</subfield>
    <subfield code="a">BCEJYS</subfield>
    <subfield code="b">BCEJYS</subfield>
    <subfield code="c">13</subfield>
    <subfield code="d">1994-12-01</subfield>
    <subfield code="h">A&#xF1;o III, N&#xBA; 12 - dic. 1994</subfield>
    <subfield code="l">0</subfield>
    <subfield code="o">H633.1 SMG 12.1994</subfield>
    <subfield code="p">R21318</subfield>
    <subfield code="r">2026-04-10 16:10:05</subfield>
    <subfield code="w">2026-04-10</subfield>
    <subfield code="y">RN</subfield>
  </datafield>
  <datafield tag="952" ind1=" " ind2=" ">
    <subfield code="0">0</subfield>
    <subfield code="1">0</subfield>
    <subfield code="4">0</subfield>
    <subfield code="7">0</subfield>
    <subfield code="a">BCEJYS</subfield>
    <subfield code="b">BCEJYS</subfield>
    <subfield code="c">13</subfield>
    <subfield code="d">1994-11-01</subfield>
    <subfield code="h">A&#xF1;o III, N&#xBA; 11 - nov. 1994</subfield>
    <subfield code="l">0</subfield>
    <subfield code="o">H633.1 SMG 11.1994</subfield>
    <subfield code="p">R21317</subfield>
    <subfield code="r">2026-04-10 16:10:05</subfield>
    <subfield code="w">2026-04-10</subfield>
    <subfield code="y">RN</subfield>
  </datafield>
  <datafield tag="952" ind1=" " ind2=" ">
    <subfield code="0">0</subfield>
    <subfield code="1">0</subfield>
    <subfield code="4">0</subfield>
    <subfield code="7">0</subfield>
    <subfield code="a">BCEJYS</subfield>
    <subfield code="b">BCEJYS</subfield>
    <subfield code="c">13</subfield>
    <subfield code="d">1994-10-01</subfield>
    <subfield code="h">A&#xF1;o III, N&#xBA; 10 - oct. 1994</subfield>
    <subfield code="l">0</subfield>
    <subfield code="o">H633.1 SMG 10.1994</subfield>
    <subfield code="p">R21316</subfield>
    <subfield code="r">2026-04-10 16:10:05</subfield>
    <subfield code="w">2026-04-10</subfield>
    <subfield code="y">RN</subfield>
  </datafield>
  <datafield tag="952" ind1=" " ind2=" ">
    <subfield code="0">0</subfield>
    <subfield code="1">0</subfield>
    <subfield code="4">0</subfield>
    <subfield code="7">0</subfield>
    <subfield code="a">BCEJYS</subfield>
    <subfield code="b">BCEJYS</subfield>
    <subfield code="c">13</subfield>
    <subfield code="d">1994-09-01</subfield>
    <subfield code="h">A&#xF1;o III, N&#xBA; 9 - sep. 1994</subfield>
    <subfield code="l">0</subfield>
    <subfield code="o">H633.1 SMG 9.1994</subfield>
    <subfield code="p">R21315</subfield>
    <subfield code="r">2026-04-10 16:10:05</subfield>
    <subfield code="w">2026-04-10</subfield>
    <subfield code="y">RN</subfield>
  </datafield>
  <datafield tag="952" ind1=" " ind2=" ">
    <subfield code="0">0</subfield>
    <subfield code="1">0</subfield>
    <subfield code="4">0</subfield>
    <subfield code="7">0</subfield>
    <subfield code="a">BCEJYS</subfield>
    <subfield code="b">BCEJYS</subfield>
    <subfield code="c">13</subfield>
    <subfield code="d">1994-08-01</subfield>
    <subfield code="h">A&#xF1;o III, N&#xBA; 8 - ago. 1994</subfield>
    <subfield code="l">0</subfield>
    <subfield code="o">H633.1 SMG 8.1994</subfield>
    <subfield code="p">R21314</subfield>
    <subfield code="r">2026-04-10 16:10:05</subfield>
    <subfield code="w">2026-04-10</subfield>
    <subfield code="y">RN</subfield>
  </datafield>
  <datafield tag="952" ind1=" " ind2=" ">
    <subfield code="0">0</subfield>
    <subfield code="1">0</subfield>
    <subfield code="4">0</subfield>
    <subfield code="7">0</subfield>
    <subfield code="a">BCEJYS</subfield>
    <subfield code="b">BCEJYS</subfield>
    <subfield code="c">13</subfield>
    <subfield code="d">1994-07-01</subfield>
    <subfield code="h">A&#xF1;o III, N&#xBA; 7 - jul. 1994</subfield>
    <subfield code="l">0</subfield>
    <subfield code="o">H633.1 SMG 7.1994</subfield>
    <subfield code="p">R21313</subfield>
    <subfield code="r">2026-04-10 16:10:05</subfield>
    <subfield code="w">2026-04-10</subfield>
    <subfield code="y">RN</subfield>
  </datafield>
  <datafield tag="952" ind1=" " ind2=" ">
    <subfield code="0">0</subfield>
    <subfield code="1">0</subfield>
    <subfield code="4">0</subfield>
    <subfield code="7">0</subfield>
    <subfield code="a">BCEJYS</subfield>
    <subfield code="b">BCEJYS</subfield>
    <subfield code="c">13</subfield>
    <subfield code="d">1994-06-01</subfield>
    <subfield code="h">A&#xF1;o III, N&#xBA; 6 - jun. 1994</subfield>
    <subfield code="l">0</subfield>
    <subfield code="o">H633.1 SMG 6.1994</subfield>
    <subfield code="p">R21312</subfield>
    <subfield code="r">2026-04-10 16:10:05</subfield>
    <subfield code="w">2026-04-10</subfield>
    <subfield code="y">RN</subfield>
  </datafield>
  <datafield tag="952" ind1=" " ind2=" ">
    <subfield code="0">0</subfield>
    <subfield code="1">0</subfield>
    <subfield code="4">0</subfield>
    <subfield code="7">0</subfield>
    <subfield code="a">BCEJYS</subfield>
    <subfield code="b">BCEJYS</subfield>
    <subfield code="c">13</subfield>
    <subfield code="d">1994-05-01</subfield>
    <subfield code="h">A&#xF1;o III, N&#xBA; 5 - mayo 1994</subfield>
    <subfield code="l">0</subfield>
    <subfield code="o">H633.1 SMG 5.1994</subfield>
    <subfield code="p">R21310</subfield>
    <subfield code="r">2026-04-10 16:10:05</subfield>
    <subfield code="w">2026-04-10</subfield>
    <subfield code="y">RN</subfield>
  </datafield>
  <datafield tag="952" ind1=" " ind2=" ">
    <subfield code="0">0</subfield>
    <subfield code="1">0</subfield>
    <subfield code="4">0</subfield>
    <subfield code="7">0</subfield>
    <subfield code="a">BCEJYS</subfield>
    <subfield code="b">BCEJYS</subfield>
    <subfield code="c">13</subfield>
    <subfield code="d">1994-04-01</subfield>
    <subfield code="h">A&#xF1;o III, N&#xBA; 4 - abr. 1994</subfield>
    <subfield code="l">0</subfield>
    <subfield code="o">H633.1 SMG 4.1994</subfield>
    <subfield code="p">R21309</subfield>
    <subfield code="r">2026-04-10 16:10:05</subfield>
    <subfield code="w">2026-04-10</subfield>
    <subfield code="y">RN</subfield>
  </datafield>
  <datafield tag="952" ind1=" " ind2=" ">
    <subfield code="0">0</subfield>
    <subfield code="1">0</subfield>
    <subfield code="4">0</subfield>
    <subfield code="7">0</subfield>
    <subfield code="a">BCEJYS</subfield>
    <subfield code="b">BCEJYS</subfield>
    <subfield code="c">13</subfield>
    <subfield code="d">1994-03-01</subfield>
    <subfield code="h">A&#xF1;o III, N&#xBA; 3 - mar. 1994</subfield>
    <subfield code="l">0</subfield>
    <subfield code="o">H633.1 SMG 3.1994</subfield>
    <subfield code="p">R21308</subfield>
    <subfield code="r">2026-04-10 16:10:05</subfield>
    <subfield code="w">2026-04-10</subfield>
    <subfield code="y">RN</subfield>
  </datafield>
</record>
